| 000 | 00447nam a22001817a 4500 | ||
|---|---|---|---|
| 005 | 20200316093923.0 | ||
| 008 | 200316b xxu||||| |||| 00| 0 eng d | ||
| 020 | _a9789387964-051 | ||
| 041 | _aeng | ||
| 082 | _a615.7 | ||
| 100 |
_aRAZDAN,BALKISHEN _95182 |
||
| 245 | _aMEDICINAL CHEMISTRY | ||
| 250 | _a2nd, 2019 | ||
| 260 |
_aDELHI _bCBS PUBLISHERS AND DISTRIBUTERS _c2019 |
||
| 300 | _a1041; XIV | ||
| 650 |
_aPHARMACY _95183 |
||
| 942 | _cBK | ||
| 999 |
_c6100 _d6098 |
||